Click the North American Flags - Statistics

General Stats
  • This quiz has been taken 5,352 times
  • The average score is 16 of 23
Answer Stats
Hint Answer % Correct
Canada
91%
United States
91%
Mexico
90%
Jamaica
89%
Cuba
81%
Barbados
76%
Panama
75%
Saint Lucia
74%
Dominican Republic
70%
Trinidad and Tobago
69%
Costa Rica
68%
Bahamas
67%
Haiti
66%
Antigua and Barbuda
64%
Belize
64%
Guatemala
63%
Honduras
62%
Dominica
61%
Saint Vincent and the Grenadines
60%
Grenada
60%
Nicaragua
59%
El Salvador
59%
Saint Kitts and Nevis
58%
No matching quizzes found
Score Distribution
Percent of People with Each Score
Percentile by Number Answered
Your Score History
You have not taken this quiz